000 01373cam a2200337 4500
999 _c23277
_d23277
001 2653720
003 BDDh-ASL
005 20231015030223.0
008 710408s1970 enkab b 000 0 eng
010 _a 70085707
015 _aB***
020 _a9781409445999
040 _aDLC
_cDLC
_dDLC
_dBDDh-ASL
041 1 _aengmul
043 _ae-ur-gs
_ae-ur---
050 0 0 _aG161
_b.H2 2d ser., no. 138-139
051 _aDK511.G44
_bA7
_cCopy 2.
082 0 0 _a327.4704
_bALR
100 1 _aAllen, W. E. D.
_q(William Edward David),
_d1901-
_ecomp.
245 1 0 _aRussian embassies to the Georgian kings (1589-1605), Vol.-1 /
_cEdited with introd., additional notes, commentaries and bibliography by W. E. D. Allen. Texts translated by Anthony Mango.
260 _aCambridge [Eng.]
_bPublished for the Hakluyt Society at the University Press,
_c1970.
300 _av-1, 367 p. :
_billus. (part col.), maps (part fold.)
_c23 cm.
350 _a£6/-/-
_a($18.50 U.S.)
490 1 _aWorks issued by the Hakluyt Society, second series no. 138-139
504 _aBibliography: v. 2, p. 595-622.
651 0 _aGeorgia (Republic)
_xForeign relations
_zRussia.
651 0 _aRussia
_xForeign relations
_zGeorgia (Republic)
830 0 _aWorks issued by the Hakluyt Society ;
_v2nd ser., no. 138-139.
906 _a7
_bcbc
_corignew
_d2
_eopcn
_f19
_gy-gencatlg
942 _2ddc
_cBK